000 01390nam a22003017a 4500
001 4789
003 FISKH
005 20241016110939.0
008 241014b cb ||||| |||| 00| 0 eng d
020 _a9780194791977
040 _aFISKH
_beng
_cFISKH
_dFISKH
050 _aPE1126.A4
082 _a428.6
100 _aWest, Clare
245 _aDancing with Strangers : Stories from America /
_cRetold by Clare West
250 _aFirst published in Oxford Bookworms 2008
260 _aNew York :
_bOxford University Press ;
_c2004.
300 _a71 pages :
_billustrations ;
_c21 cm .
490 _aOxford Bookworms
_v3
505 _aP
520 _aSometimes I think this search is hopeless. So much has happened since I last saw my friends. Perhaps they have died or the rebels have taken them away. But I know I have to find Laker. I know she needs me.' In a country torn by war, it is easy to stop hoping. All Atita has is an old photograph. She does not even know if she will recognize Laker after all these years . . . Bookworms World Stories collect stories written in English from around the world. This volume has stories byAfrican writers Jackee Budesta Batanda, Jack Cope,
521 8 _a650
_bLexile
521 8 _aP
_bRaz-Plus
650 _amystery
_vfiction
700 _aBassett, Jennifer
_eSeries Editor
942 _2ddc
_cBK
_n0
999 _c4789
_d4789